000 00559nam a2200181 a 4500
005 20140310183150.0
008 100427s19uu xx 00 eng d
020 _a0671504266
050 _aPN 1655
_b.R38 1984
100 _aReaske, Christopher Russell
245 _aHow to analyze drama :
_ba critical guide to understanding, enjoying, and interpreting plays /
_cChristopher Russell Reaske.
260 _aUSA :
_bSimon & Schuster.,
_c1984.
300 _a112 p. :
_c20 cm.
521 _aMC
650 _aDrama.
942 _cBK
_2lcc
_kFOR
999 _c19640
_d19640